000 00315nam a22001457a 4500
008 230316b ||||| |||| 00| 0 eng d
020 _a9780324663525
041 _aeng
080 _25EDITION
_a3
082 _a34SAM
100 _a31
101 _aJURED
245 _aBUSINESS LAW
_cSAMUELSON B
942 _2udc
_cBK
999 _c59367
_d59367